| 000 | 01339nam a2200337 i 4500 | ||
|---|---|---|---|
| 001 | 000033262 | ||
| 003 | DO-SdBNP | ||
| 005 | 20240214123936.0 | ||
| 007 | ta | ||
| 008 | 110823s191? dr l 000 0 spa d | ||
| 040 |
_aDO-SdBNP _bspa _cBNPHU _erda |
||
| 082 | 4 |
_a348.7293022 _bR426col _222 |
|
| 110 | 1 |
_aRepública Dominicana. _9447 |
|
| 240 | 1 | 0 | _aLeyes, etc. |
| 245 | 1 | 0 | _aColección de órdenes ejecutivas |
| 250 | _aSello oficial | ||
| 264 |
_aSanto Domingo _bJ.R. vda. García, _c191-. |
||
| 300 |
_avolumenes ; _c22 cm. |
||
| 336 |
_2rdacontent _atexto _btxt |
||
| 337 |
_2rdamedia _asin mediación _bn |
||
| 338 |
_2rdacarrier _avolumen _bnc |
||
| 500 | _aEncuadernado junto: 1920/1921; 1922/1923 | ||
| 505 | 0 |
_aNoviembre 29, 1916/Dic. 31, 1917; _tEnero 1, 1918/Dic. 31, 1918; _tEnero 1, 1919/Dic. 31, 1919; _tEnero 1, 1920/Dic. 31, 1920; _tEnero 1, 1921/Dic. 31,1921; _tEnero 3, 1922/Oct. 20, 1922; _tOctubre 21, 1922/Dic. 31, 1923 |
|
| 546 | _aTexto en español y inglés | ||
| 590 | _aInventariado, 2024/BT | ||
| 650 | 4 |
_aDerecho _zRepública Dominicana _935307 |
|
| 650 | 4 |
_aLegislación por decretos _zRepública Dominicana _935308 |
|
| 780 | 0 | 0 |
_aRepública Dominicana. _s[Leyes, etc.] _tColección de órdenes ejecutivas ... y reglamentos administrativos |
| 910 | _aValidado. Control de calida MFF | ||
| 942 |
_2ddc _cLBS1 |
||
| 999 |
_c32753 _d32753 |
||